000 00229 a2200097 4500
001 23264
100 _aPhillips, A.L
245 _aWelding handbook Pt 2 : welding processes
260 _a
_bMacmillan
_c1969
090 _c15772
_d15772
942 _aNUST-CAE
_cM
_c6416
999 _c258337
_d258337